| 000 -LEADER |
| fixed length control field |
01230nam a22003017a 4500 |
| 005 - DATE AND TIME OF LATEST TRANSACTION |
| control field |
20260418122111.0 |
| 008 - FIXED-LENGTH DATA ELEMENTS--GENERAL INFORMATION |
| fixed length control field |
260417b xxu||||| |||| 00| 0 eng d |
| 082 ## - DEWEY DECIMAL CLASSIFICATION NUMBER |
| Classification number |
791.4372 |
| Item number |
Sh545 2026 |
| 245 ## - TITLE STATEMENT |
| Title |
Shelter / |
| Statement of responsibility, etc |
directed by Ric Roman Waugh ; written by Ward Parry ; produced by Brendon Boyea, John Friedberg, Jon Berg. |
| 260 ## - PUBLICATION, DISTRIBUTION, ETC. (IMPRINT) |
| Place of publication, distribution, etc |
[Los Angeles, California] : |
| Name of publisher, distributor, etc |
Black Bear Pictures, |
| Date of publication, distribution, etc |
2026. |
| 300 ## - PHYSICAL DESCRIPTION |
| Extent |
1 videofile (ca. 167 mins.) : |
| Other physical details |
sound, color. |
| 520 ## - SUMMARY, ETC. |
| Summary, etc |
Michael Mason is a recluse on a remote Scottish island who rescues a girl from the sea, unleashing a perilous sequence of events that culminate in an attack on his home, compelling him to face his turbulent history. |
| 521 ## - TARGET AUDIENCE NOTE |
| Target audience note |
Rated R for violence and some language. |
| 546 ## - LANGUAGE NOTE |
| Language note |
In English subtitle. |
| 650 ## - SUBJECT ADDED ENTRY--TOPICAL TERM |
| Topical term or geographic name as entry element |
One-Person Army Action |
| 655 ## - INDEX TERM--GENRE/FORM |
| Genre/form data or focus term |
Spy |
| 655 ## - INDEX TERM--GENRE/FORM |
| Genre/form data or focus term |
Action |
| 655 ## - INDEX TERM--GENRE/FORM |
| Genre/form data or focus term |
Thriller |
| 700 ## - ADDED ENTRY--PERSONAL NAME |
| Personal name |
Waugh, Ric Roman, director. |
| 700 ## - ADDED ENTRY--PERSONAL NAME |
| Personal name |
Parry, Ward, writer. |
| 700 ## - ADDED ENTRY--PERSONAL NAME |
| Personal name |
Boyea, Brandon, producer. |
| 700 ## - ADDED ENTRY--PERSONAL NAME |
| Personal name |
Friedberg, John, producer. |
| 700 ## - ADDED ENTRY--PERSONAL NAME |
| Personal name |
Berg, John, producer. |
| 700 ## - ADDED ENTRY--PERSONAL NAME |
| Personal name |
Statham, Jason, star. |
| 700 ## - ADDED ENTRY--PERSONAL NAME |
| Personal name |
Breathnach, Bodhi Rae, star. |
| 700 ## - ADDED ENTRY--PERSONAL NAME |
| Personal name |
Shaeffer, Michael, star. |
| 942 ## - ADDED ENTRY ELEMENTS (KOHA) |
| Source of classification or shelving scheme |
|
| Item type |
Audio-Visual Materials |